| 000 | 00000nam##2200000za#4500 |
| 001 | 9.650788 |
| 003 | CaOODSP |
| 005 | 20210615114551 |
| 007 | ta |
| 008 | 150407|2007||||xxc||||| f|0| 0 eng|d |
| 020 | |a978-0-660-19738-8 |
| 040 | |aCaOODSP|beng |
| 043 | |an-cn--- |
| 086 | 1 |aSC103-32/2007E |
| 110 | 2 |aCanada School of Public Service. |
| 245 | 10|aInterface Canada oral interaction - Levels A and B : |badministrator's and teacher's guide |
| 260 | |aOttawa - Ontario : |bCanada School of Public Service |c2007. |
| 300 | |a53p. ; |c28 cm. |
| 520 | 3 |aThis guide is intended to assist teachers in the administration and evaluation of the two oral interaction interviews presently scheduled in the CEWP after books five and seven or eight. The purpose of these interviews is to assess the progress of students in order to provide them with feedback aimed at overcoming weaknesses and helping them prepare for the SLE. |
| 563 | |aSpiral binding |
| 590 | |a07-33|b2007-08-17 |
| 690 | 07|aEnglish second language|2gcpds |
| 776 | 0#|tInterface Canada oral interaction - Levels A and B : |w(CaOODSP)9.699776 |